000 00454nam a2200169Ia 4500
008 090711s9999 xx 000 0 und d
082 _b54115
100 _aजोशी म. दा.
245 _aअवधूत गंगा
260 _c1981
300 _a65
600 _aजोशी म. दा.
630 _aअवधूत गंगा
700 _aजोशी म. दा.
730 _aअवधूत गंगा
942 _cBOOK
999 _c282577
_d282577